000 00527nam a22001697a 4500
003 CEME
005 20210628203503.0
008 210121b xxu||||| |||| 00| 0 eng d
020 _a97807879-94877
040 _c.
082 _a658.301 EDW
100 _aEdwards Jack E., Edwards, Jack.E, Scott John C.
_965765
245 _aEvaluating human resources programs, a 6-phase approach for optimizing performance
260 _aUSA
_bJOHN WILEY & SONS
_c2007
650 _aPERSONNEL MANAGEMENT-EVALUTION.
_965766
942 _cBK
_2ddc
999 _c573882
_d573882